[Event "Østlandsserien 2001/2002, 1. div."]
[Site "?"]
[Date "2002.03.09"]
[Round "8"]
[White "Eckhardt, Lars"]
[Black "Lea, Per"]
[Result "0-1"]
[WhiteElo "1955"]
[BlackElo "1712"]
[PlyCount "110"]
[EventDate "2002.??.??"]
[WhiteTeam "Nordstrand 1"]
[BlackTeam "Follo 1"]

1. d4 d5 2. Nf3 Nf6 3. g3 g6 4. Bg2 Bg7 5. c4 c6 6. O-O O-O 7. Nbd2 Nbd7 8. b3
Re8 9. Bb2 dxc4 10. Nxc4 c5 11. d5 Nb6 12. Nxb6 Qxb6 13. Ne5 Bf5 14. Re1 Be4
15. Nc4 Qd8 16. Bxf6 exf6 17. a4 f5 18. Rc1 Rc8 19. Qd2 a6 20. a5 Bd4 21. Nb6
Rc7 22. e3 Bxg2 23. Kxg2 Be5 24. Rc4 Bd6 25. Rec1 Re4 26. R4c3 Rb4 27. Nc4 Rb5
28. f3 Qe7 29. Re1 Qf6 30. Rd3 Rd7 31. e4 fxe4 32. fxe4 Be5 33. Rf3 Qe7 34.
Nxe5 Qxe5 35. Rd3 c4 36. Rc3 cxb3 37. Qb2 Rd8 38. Re2 Rxa5 39. Qxb3 Raxd5 40.
Qxb7 Rd2 41. Rc2 Rxe2+ 42. Rxe2 Qb5 43. Qxb5 axb5 44. Rb2 Rb8 45. Kf3 f6 46. e5
f5 47. g4 fxg4+ 48. Kxg4 Kf7 49. Kf4 b4 50. Ke4 Ke6 51. Rb3 g5 52. h3 Rf8 53.
Re3 Rc8 54. Kd4 Rc3 55. Re2 Rxh3 0-1

[Event "Østlandsserien 2001/2002, 1. div."]
[Site "?"]
[Date "2002.03.10"]
[Round "9"]
[White "Solem, Trond"]
[Black "Sidselrud, Steinar"]
[Result "1-0"]
[WhiteElo "2167"]
[BlackElo "2034"]
[PlyCount "89"]
[EventDate "2002.??.??"]
[WhiteTeam "Follo 1"]
[BlackTeam "Akademisk 2"]

1. d4 d5 2. c4 c6 3. cxd5 cxd5 4. Nc3 Nc6 5. Bf4 e5 6. dxe5 d4 7. Ne4 Qa5+ 8.
Nd2 Nge7 9. Ngf3 Nd5 10. Bg3 Bb4 11. a3 Be7 12. b4 Qd8 13. Nb3 O-O 14. b5 Na5
15. Nfxd4 Qb6 16. e3 Rd8 17. Bd3 Nxb3 18. Qxb3 Qa5+ 19. Ke2 Bg4+ 20. f3 Nxe3
21. Bf2 Nxg2 22. fxg4 Nf4+ 23. Kf3 Bc5 24. Bxh7+ Kh8 25. Rad1 Qb6 26. Nf5 Ne6
27. Nd6 Ng5+ 28. Kg2 Bxf2 29. h4 Ne6 30. Nxf7+ Kxh7 31. Qxe6 Qxe6 32. Ng5+ Kg8
33. Nxe6 Rxd1 34. Rxd1 Bxh4 35. Rd7 b6 36. Nxg7 a6 37. Nf5 Be1 38. a4 axb5 39.
axb5 Bb4 40. e6 Ra2+ 41. Kf3 Bc5 42. Rd8+ Kh7 43. e7 Rf2+ 44. Kg3 Rc2 45. Rh8+
1-0

[Event "Østlandsserien 2001/2002, 1. div."]
[Site "?"]
[Date "2002.03.10"]
[Round "9"]
[White "Semakoff, Aleks"]
[Black "Andersen, Alf Roger"]
[Result "1-0"]
[WhiteElo "2073"]
[BlackElo "2025"]
[PlyCount "65"]
[EventDate "2002.??.??"]
[WhiteTeam "Follo 1"]
[BlackTeam "Akademisk 2"]

1. e4 c5 2. Nf3 e6 3. d4 cxd4 4. Nxd4 a6 5. Nc3 Qc7 6. Be2 b5 7. f4 Nc6 8. Be3
Nxd4 9. Qxd4 Ne7 10. O-O Nc6 11. Qd2 Bb7 12. Rad1 Na5 13. f5 b4 14. Na4 Bxe4
15. fxe6 fxe6 16. Bb6 Qc6 17. Qf4 Bg6 18. Bd3 Bh5 19. Be4 d5 20. Bxd5 exd5 21.
Qe5+ Be7 22. Qxh5+ g6 23. Qe5 Rg8 24. Rde1 Qb7 25. Bxa5 Rc8 26. Re2 Rc4 27.
Rfe1 Re4 28. Rxe4 dxe4 29. Rxe4 Rg7 30. Bxb4 Qa7+ 31. Bc5 Qd7 32. Qb8+ Kf7 33.
Rxe7+ 1-0

[Event "Østlandsserien 2001/2002, 1. div."]
[Site "?"]
[Date "2002.03.10"]
[Round "9"]
[White "Gaasland, Glenn"]
[Black "Runde, Hans Arild"]
[Result "1-0"]
[WhiteElo "1966"]
[BlackElo "1827"]
[PlyCount "110"]
[EventDate "2002.??.??"]
[WhiteTeam "Follo 1"]
[BlackTeam "Akademisk 2"]

1. d4 Nf6 2. c4 e6 3. Nc3 Bb4 4. Qc2 c5 5. dxc5 Na6 6. a3 Bxc3+ 7. Qxc3 Nxc5 8.
Nf3 d5 9. cxd5 Nce4 10. Qc2 Qxd5 11. e3 Bd7 12. Bc4 Qc5 13. Bd3 Qxc2 14. Bxc2
Rc8 15. Bd3 Nc5 16. Bc2 Bb5 17. Bd2 O-O 18. Rc1 Bd3 19. b4 Bxc2 20. bxc5 Bd3
21. Ne5 Bb5 22. f3 Rfd8 23. e4 Nd7 24. Nxd7 Rxd7 25. Rc2 b6 26. Rb2 Rxc5 27.
Kf2 Ba4 28. Be3 Rc3 29. Rc1 Rxc1 30. Bxc1 Kf8 31. Rd2 Ke7 32. Rxd7+ Kxd7 33.
Bb2 Kc6 34. Bxg7 Kc5 35. Ke3 Kc4 36. Kf4 Kb3 37. Bf8 f6 38. e5 f5 39. Kg5 a5
40. Kh6 b5 41. Kxh7 b4 42. axb4 axb4 43. h4 f4 44. Kg6 Kc3 45. Kf7 b3 46. Ba3
b2 47. Bxb2+ Kxb2 48. Kxe6 Bc2 49. Kf7 Kc3 50. e6 Kd4 51. e7 Ba4 52. h5 Ke3 53.
h6 Kf2 54. h7 Kxg2 55. h8=Q Kxf3 1-0

[Event "Østlandsserien 2001/2002, 1. div."]
[Site "?"]
[Date "2002.03.10"]
[Round "9"]
[White "Rekkedal, Fredrik"]
[Black "Lea, Per"]
[Result "1-0"]
[WhiteElo "1827"]
[BlackElo "1712"]
[PlyCount "109"]
[EventDate "2002.??.??"]
[WhiteTeam "Akademisk 2"]
[BlackTeam "Follo 1"]

1. d4 d5 2. c4 e6 3. Nc3 Nf6 4. Bg5 Be7 5. e3 c6 6. cxd5 exd5 7. Bd3 Nbd7 8.
Nge2 Ne4 9. Bxe7 Qxe7 10. Bxe4 dxe4 11. Ng3 Nf6 12. Qc2 O-O 13. Ngxe4 Nxe4 14.
Qxe4 Qb4 15. Qc2 Bf5 16. Qb3 Qxb3 17. axb3 Rfe8 18. b4 a6 19. O-O Rad8 20. Rfe1
Bg6 21. f3 Re6 22. Kf2 Kf8 23. Na4 f5 24. Nc5 Re7 25. Nd3 Bf7 26. g3 Rd5 27.
Ra5 g6 28. Rc1 Ke8 29. Ne5 Be6 30. h4 Kf8 31. Nd3 Kg7 32. Nf4 Rd6 33. Re5 Kf6
34. Ke2 Red7 35. Rxe6+ Rxe6 36. Nxe6 Kxe6 37. Kd3 h6 38. Rc5 Rd5 39. e4 Rd7 40.
b3 fxe4+ 41. fxe4 Rf7 42. Ke2 Rd7 43. Ke3 Rf7 44. h5 g5 45. Re5+ Kd7 46. Rf5
Rh7 47. Rf6 Ke8 48. e5 Ke7 49. Ke4 Rf7 50. Rxf7+ Kxf7 51. Kf5 b6 52. g4 a5 53.
bxa5 bxa5 54. e6+ Ke7 55. Ke5 1-0

[Event "Østlandsserien 2001/2002. 3. div. D"]
[Site "?"]
[Date "2001.11.10"]
[Round "1"]
[White "Johansen, Anders Sten"]
[Black "Sondresen, Per"]
[Result "1-0"]
[WhiteElo "1596"]
[BlackElo "1687"]
[PlyCount "109"]
[EventDate "2001.??.??"]

1. e4 c5 2. Nc3 d6 3. g3 Nf6 4. Bg2 Nc6 5. d3 Bg4 6. f3 Bd7 7. f4 g6 8. Nf3 Bg7
9. O-O O-O 10. Nh4 Rb8 11. f5 b5 12. a3 a5 13. Rb1 b4 14. axb4 axb4 15. Ne2 Qb6
16. Kh1 Ra8 17. Bg5 Ra2 18. h3 Nd4 19. Nf4 Bc6 20. c3 Nb5 21. fxg6 hxg6 22.
Nfxg6 fxg6 23. Qb3+ Kh7 24. Qxa2 Nc7 25. Qb3 Bd7 26. Qd1 b3 27. Qd2 Ne6 28.
Rbe1 Be8 29. Be3 Qc7 30. g4 Bc6 31. Nf3 c4 32. Ng5+ Nxg5 33. Bxg5 cxd3 34. Qxd3
Qb7 35. Qe3 Ra8 36. Rf2 Ra4 37. Bxf6 Bxf6 38. g5 Bg7 39. Qg3 e5 40. Qh4+ Kg8
41. Qg4 Bd7 42. Qf3 Be6 43. Qd3 Qb6 44. Rd2 Ra6 45. Bf1 Ra2 46. Qxd6 Qxd6 47.
Rxd6 Kf7 48. Rd2 Bf8 49. Rf2+ Ke7 50. Rd1 Ke8 51. Bb5+ Ke7 52. Kh2 Ra5 53. Bc6
Bg7 54. Kg3 Rc5 55. Bd5 1-0

[Event "Østlandsserien 2001/2002. 3. div. D"]
[Site "?"]
[Date "2001.11.10"]
[Round "1"]
[White "Simonsen, Steinar"]
[Black "Moberg, Jan Rune"]
[Result "1-0"]
[WhiteElo "1526"]
[BlackElo "1495"]
[PlyCount "125"]
[EventDate "2001.??.??"]

1. e4 e5 2. Nf3 d6 3. d4 Nd7 4. dxe5 dxe5 5. Bc4 c6 6. O-O Be7 7. b3 Ngf6 8.
Nbd2 O-O 9. Bb2 Qc7 10. Re1 b5 11. Bd3 a6 12. a4 Bb7 13. Nf1 Bb4 14. c3 Bd6 15.
Ng3 g6 16. Qd2 Nc5 17. Bc2 Ne6 18. Ng5 Nf4 19. Ne2 N6h5 20. g3 Nxe2+ 21. Qxe2
h6 22. Nf3 Bc8 23. Bd3 Bg4 24. Qe3 Qe7 25. c4 Bc5 26. Qe2 b4 27. Kg2 f6 28. Bc1
g5 29. Be3 Bd6 30. h3 Be6 31. Nd2 Bf7 32. c5 Bxc5 33. Bxc5 Qxc5 34. Bc4 Ng7 35.
Bxa6 Rfd8 36. Bc4 Ne6 37. Rac1 Qd6 38. Red1 Nd4 39. Bxf7+ Kxf7 40. Qc4+ Qe6 41.
Qxb4 Rdb8 42. Qc4 Qxc4 43. Rxc4 Ra5 44. g4 Ke7 45. Ra1 Nxb3 46. Nxb3 Rxb3 47.
Rxc6 Rb4 48. Rc7+ Ke6 49. Rac1 Rxe4 50. R7c6+ Kd5 51. Rxf6 Rf4 52. Rxh6 Raxa4
53. Rc2 Ra3 54. Rd2+ Kc5 55. Re6 Re4 56. Rg6 Rd4 57. Rc2+ Kd5 58. Rxg5 Rdd3 59.
Rh5 Ra6 60. Re2 Re6 61. f4 Ra3 62. Rhxe5+ Rxe5 63. Rxe5+ 1-0

[Event "Østlandsserien 2001/2002. 3. div. D"]
[Site "?"]
[Date "2001.11.10"]
[Round "1"]
[White "Furnes, Torstein"]
[Black "Hovland, Arne"]
[Result "1-0"]
[WhiteElo "1524"]
[BlackElo "1513"]
[PlyCount "89"]
[EventDate "2001.??.??"]

1. d4 Nf6 2. c4 e6 3. Nc3 d5 4. Bg5 Bb4 5. e3 h6 6. Bh4 g5 7. Bg3 Qe7 8. Nf3
Ne4 9. Qc2 Nd7 10. Bxc7 Ndf6 11. Be5 Bd7 12. Bd3 Rc8 13. Bxe4 dxe4 14. Nd2 Rg8
15. Bxf6 Qxf6 16. Qxe4 Bxc3 17. bxc3 b6 18. Qb7 Qd8 19. Qxa7 Bc6 20. Qa3 Bxg2
21. Rg1 Bc6 22. Qb4 Qc7 23. Rg3 h5 24. h4 g4 25. Rb1 Rb8 26. c5 b5 27. Nc4 f5
28. Nd6+ Kd7 29. Nf7 Ke7 30. Ng5 Rg6 31. Qb2 e5 32. Qb3 Rf6 33. d5 Qc8 34. dxc6
Qxc6 35. Ke2 f4 36. exf4 Rxf4 37. a4 Qf6 38. Rf1 Qc6 39. axb5 Rxb5 40. Qc2 e4
41. Re3 Qa6 42. Rxe4+ Rxe4+ 43. Qxe4+ Kd8 44. Rd1+ Kc7 45. Qe7+ 1-0

[Event "Østlandsserien 2001/2002. 3. div. D"]
[Site "?"]
[Date "2002.01.19"]
[Round "3"]
[White "Dogani, Auduraim"]
[Black "Johansen, Anders Sten"]
[Result "1-0"]
[WhiteElo "1770"]
[BlackElo "1556"]
[PlyCount "33"]
[EventDate "2002.??.??"]

1. e4 e5 2. Nc3 Nf6 3. Nf3 Nc6 4. Bc4 Bc5 5. d3 h6 6. a3 d6 7. h3 O-O 8. g4
Nxg4 9. hxg4 Bxg4 10. Rg1 h5 11. Nd5 Nd4 12. Nxd4 c6 13. Rxg4 hxg4 14. Qxg4
cxd5 15. Nf5 g6 16. Bxd5 Qb6 17. Qxg6+ 1-0

[Event "Østlandsserien 2001/2002. 3. div. D"]
[Site "?"]
[Date "2002.01.19"]
[Round "3"]
[White "Moberg, Jan Rune"]
[Black "Sæther, Lars"]
[Result "0-1"]
[WhiteElo "1573"]
[BlackElo "1582"]
[PlyCount "84"]
[EventDate "2002.??.??"]

1. Nf3 Nf6 2. d4 d5 3. Bg5 e6 4. e3 Be7 5. Bd3 h6 6. Bh4 Nbd7 7. Nbd2 c5 8. c3
O-O 9. O-O b6 10. e4 cxd4 11. cxd4 dxe4 12. Nxe4 Bb7 13. Ned2 Nd5 14. Bg3 N7f6
15. Ne5 Nb4 16. Nb3 Nxd3 17. Nxd3 Qd7 18. Re1 Rfd8 19. Qe2 Nd5 20. Ne5 Qa4 21.
Qh5 Qe8 22. Rac1 Rac8 23. a3 Nf6 24. Qd1 Qb5 25. Rxc8 Rxc8 26. Bh4 Bd5 27. Nd2
Qxb2 28. a4 Qxd4 29. Ndf3 Qxd1 30. Rxd1 Bb3 31. Ra1 Bxa4 32. Nd4 Be8 33. h3 a5
34. Rb1 Bd6 35. Bxf6 gxf6 36. Ng4 Kg7 37. Kf1 Bc5 38. Rc1 a4 39. Ne3 Rd8 40.
Ne2 Bb5 41. Ke1 Bb4+ 42. Nc3 a3 0-1

[Event "Østlandsserien 2001/2002. 3. div. D"]
[Site "?"]
[Date "2002.01.19"]
[Round "3"]
[White "Sæther, Steinar"]
[Black "Furnes, Torstein"]
[Result "0-1"]
[WhiteElo "1594"]
[BlackElo "1518"]
[PlyCount "80"]
[EventDate "2002.??.??"]

1. e4 c5 2. Nc3 Nc6 3. f4 d6 ({
Partiet Steinar Sæther-Torstein Furnes (Østlandsserien 1993) fortsatte} 3... e6
4. Nf3 Nge7 5. d4 cxd4 6. Nb5 d5 7. e5 Nf5 8. Nbxd4 Ncxd4 9. Nxd4 Qh4+ 10. Ke2
Ng3+ 11. hxg3 Qxh1 {og svart vant}) 4. Nf3 Bg4 5. Be2 e6 6. d3 Nf6 7. O-O Be7
8. Ng5 Bxe2 9. Qxe2 h6 10. Nf3 O-O 11. Qf2 Rc8 12. h3 a6 13. a4 d5 14. e5 Nh7
15. Kh1 f5 16. Na2 b5 17. axb5 axb5 18. b3 b4 19. c3 bxc3 20. Nxc3 Qb6 21. Rb1
Nb4 22. Rd1 Ra8 23. Na4 Qb5 24. Qd2 Rfc8 25. Nc3 Qc6 26. Bb2 g5 27. Ra1 gxf4
28. Rxa8 Rxa8 29. Qxf4 Ng5 30. Ne1 $2 {Taper bonde} d4 31. Na4 Nxh3 32. Qg3+
Ng5 33. Rc1 Rd8 34. Ba3 Qd5 35. Rc4 Rb8 36. Qf4 Rb5 ({Fritz foreslår} 36...
Nxd3 37. Nxd3 Rxb3 38. Naxc5 Qxc4 39. Nxb3 Bxa3 40. Nbc1) 37. Kh2 Nc6 38. Nf3
Nxf3+ 39. gxf3 Qxe5 40. Kg3 $4 Bh4+ $1 ({
Vinner dronningen og partiet. Men enda mer effektivt var} 40... Qxf4+ 41. Kxf4
Bd6# {matt!}) 0-1

[Event "Østlandsserien 2001/2002. 3. div. D"]
[Site "?"]
[Date "2002.01.19"]
[Round "3"]
[White "Lund, Alf Haakon"]
[Black "Ludvigsen, Jan"]
[Result "0-1"]
[WhiteElo "1479"]
[BlackElo "1563"]
[PlyCount "92"]
[EventDate "2002.??.??"]

1. e4 e5 2. Nf3 Nc6 3. d4 exd4 4. Bc4 Nf6 5. e5 d5 6. Bb5 Ne4 7. Nxd4 Bd7 8.
Nxc6 bxc6 9. Bd3 Nc5 10. O-O Nxd3 11. Qxd3 g6 12. Qg3 Bg7 13. Bg5 Qb8 14. b3
O-O 15. Nd2 Qb6 16. Nf3 c5 17. Rad1 Bc6 18. Qh3 Bb7 19. Bh6 Rae8 20. Bxg7 Kxg7
21. Ng5 h6 22. Nf3 Re7 23. Rfe1 Rfe8 24. Re2 Qa6 25. Rde1 Bc8 26. Qg3 Qxa2 27.
Nh4 Qa6 28. Qc3 Kh7 29. Qxc5 Rxe5 30. Rxe5 Rxe5 31. Qc3 Rxe1+ 32. Qxe1 Qe6 33.
Qa5 Qe4 34. Nf3 Qxc2 35. h3 Qxb3 36. Qxc7 Qb7 37. Qc5 Be6 38. Ne5 Kg8 39. Nc6
Qb6 40. Ne7+ Kh7 41. Qc2 Qd6 42. Nc6 Qc7 43. Qc5 a5 44. Qxa5 Qxc6 45. g4 d4 46.
f4 Qc1+ 0-1

[Event "Østlandsserien 2001/2002. 3. div. D"]
[Site "?"]
[Date "2002.01.20"]
[Round "4"]
[White "Johansen, Anders Sten"]
[Black "Solberg, Joachim"]
[Result "0-1"]
[WhiteElo "1556"]
[BlackElo "2007"]
[PlyCount "140"]
[EventDate "2002.??.??"]

1. e4 c5 2. Nf3 e6 3. d4 cxd4 4. Nxd4 a6 5. Nc3 Nc6 6. Be3 Qc7 7. Be2 Nf6 8.
O-O d6 9. f4 Be7 10. a4 O-O 11. Bf3 Bd7 12. Kh1 Nxd4 13. Bxd4 e5 14. Be3 b5 15.
axb5 axb5 16. Rxa8 Rxa8 17. Nd5 Nxd5 18. exd5 Bf6 19. fxe5 Bxe5 20. c3 b4 21.
Bd4 Bxd4 22. Qxd4 bxc3 23. Qxc3 Qxc3 24. bxc3 Rc8 25. Rc1 Bb5 26. Kg1 f5 27.
Kf2 Kf7 28. Ke3 Kf6 29. Kd2 Rc5 30. Re1 Bd7 31. Rb1 g5 32. g3 Be8 33. Rb6 Ke7
34. Rb7+ Bd7 35. Kd3 g4 36. Bg2 Ra5 37. Rb2 Ra1 38. c4 Kf6 39. Rf2 h5 40. Kd4
Ra3 41. Be4 h4 42. Bd3 hxg3 43. hxg3 Ra1 44. Bf1 Rd1+ 45. Kc3 Re1 46. Kd2 Ra1
47. Ke3 Ke5 48. Rf4 Re1+ 49. Kd3 Ba4 50. Rf2 Bd7 51. Rf4 Bc8 52. Kd2 Re4 53.
Rf2 f4 54. gxf4+ Rxf4 55. Re2+ Re4 56. Rg2 Bf5 57. Kc3 Re3+ 58. Kb4 g3 59. Rd2
Re1 60. Bg2 Rb1+ 61. Kc3 Rc1+ 62. Kb4 Kf4 63. Kb5 Ke3 64. Ra2 Bd3 65. Ra4 Rc2
66. Bh3 Rh2 67. Kc6 Rxh3 68. Kxd6 g2 69. Ra1 Rh1 70. Rxh1 gxh1=Q 0-1

[Event "Østlandsserien 2001/2002. 3. div. D"]
[Site "?"]
[Date "2002.01.20"]
[Round "4"]
[White "Kongevold, Hans Inge"]
[Black "Moberg, Jan Rune"]
[Result "1-0"]
[WhiteElo "1903"]
[BlackElo "1573"]
[PlyCount "47"]
[EventDate "2002.??.??"]

1. c4 b6 2. Nf3 Bb7 3. e3 f5 4. b3 e6 5. Bb2 Nf6 6. Be2 Be7 7. O-O O-O 8. Nc3
a5 9. d4 d6 10. Ng5 Qd7 11. Bf3 Bxf3 12. Qxf3 Nc6 13. Nxe6 Ne4 14. Nxf8 Rxf8
15. Nxe4 fxe4 16. Qxe4 Bf6 17. f4 Re8 18. Qf3 Nb4 19. e4 c5 20. e5 dxe5 21.
fxe5 Bg5 22. d5 Nc2 23. e6 Qe7 24. Qf7+ 1-0

[Event "Østlandsserien 2001/2002. 3. div. D"]
[Site "?"]
[Date "2002.01.20"]
[Round "4"]
[White "Furnes, Torstein"]
[Black "Johansen, Paul"]
[Result "1/2-1/2"]
[WhiteElo "1518"]
[BlackElo "1939"]
[PlyCount "65"]
[EventDate "2002.??.??"]

1. d4 d5 2. c4 e6 3. Nc3 Nf6 4. Bg5 c6 5. e3 Nbd7 6. Nf3 Qa5 7. Bxf6 Nxf6 8.
Bd3 dxc4 9. Bxc4 Nd5 10. Qb3 Nxc3 11. bxc3 Bd6 12. O-O g5 13. e4 g4 14. Nd2 Bf4
15. Qc2 Qg5 16. Rad1 Rg8 17. e5 Qh5 18. g3 Bxd2 19. Rxd2 Rg6 20. Qe4 Qg5 21.
Rb2 Qe7 22. Be2 h5 23. c4 a5 24. c5 f5 25. Qf4 Qc7 26. a4 Qd8 27. h4 Qd5 28.
Rc1 Rb8 29. Bc4 Qd8 30. Rcb1 Qc7 31. Rb6 Ra8 32. Kf1 Ra7 33. Ke2 1/2-1/2

[Event "Østlandsserien 2001/2002. 3. div. D"]
[Site "?"]
[Date "2002.01.20"]
[Round "4"]
[White "Onstad, Lars H"]
[Black "Lund, Alf Haakon"]
[Result "0-1"]
[WhiteElo "1810"]
[BlackElo "1479"]
[PlyCount "112"]
[EventDate "2002.??.??"]

1. d4 d5 2. c4 c6 3. Nc3 Nf6 4. Nf3 dxc4 5. a4 Nd5 6. e4 Nxc3 7. bxc3 Qa5 8.
Bd2 Bg4 9. Bxc4 e6 10. d5 exd5 11. exd5 cxd5 12. Bb5+ Nc6 13. O-O O-O-O 14.
Bxc6 bxc6 15. h3 Bh5 16. g4 Bg6 17. c4 Bb4 18. c5 Bxd2 19. Nxd2 Qc3 20. Kg2
Rhe8 21. Re1 Re6 22. Rxe6 fxe6 23. Qe1 Re8 24. Rc1 Qb4 25. Qe2 Qxa4 26. Qe5 Re7
27. Qd6 Rf7 28. Qxe6+ Kb7 29. Rb1+ Bxb1 30. Qxf7+ Ka6 31. Qxg7 Be4+ 32. Kg3
Qa3+ 33. Kh4 Bg6 34. Qd4 Kb5 35. f4 Qxc5 36. Qb2+ Qb4 37. Qa2 Qxf4 38. Qb2+ Qb4
39. Qc1 a5 40. Qf1+ Kb6 41. Qf2+ c5 42. Qf6+ Kb5 43. Nf3 Be4 44. Ne5 Ka4 45.
Nd7 Kb3 46. Qf2 d4 47. Kg5 a4 48. Qg3+ Kb2 49. Qf2+ Bc2 50. Ne5 Qc3 51. Qf6 a3
52. Qe6 a2 53. Nc4+ Kc1 54. Qf7 a1=Q 55. Qf1+ Bd1 56. Qf4+ Kc2 0-1

[Event "Østlandsserien 2001/2002, 3. div. D"]
[Site "Ås"]
[Date "2002.02.10"]
[Round "5.1"]
[White "Dalsrud, Endre"]
[Black "Lea, Per"]
[Result "1-0"]
[WhiteElo "1733"]
[BlackElo "1712"]
[PlyCount "101"]
[EventDate "2002.??.??"]
[WhiteTeam "Stjernen 2"]
[BlackTeam "Follo 2"]

1. d4 d5 2. c4 e6 3. Nc3 Nf6 4. cxd5 exd5 5. Bg5 Be7 6. e3 O-O 7. Bd3 h6 8. Bf4
c6 9. Qc2 Re8 10. Nf3 Nbd7 11. O-O Nf8 12. h3 Bd6 13. Bxd6 Qxd6 14. Rab1 a6 15.
Na4 N8d7 16. Rfc1 Ne4 17. Bxe4 Rxe4 18. b4 Rb8 19. Nc5 Re8 20. Nxd7 Bxd7 21.
Ne5 Bc8 22. a4 Qf6 23. Rb3 Bf5 24. Qd1 Qg5 25. Qf3 f6 26. Nd3 Be4 27. Qg4 Qxg4
28. hxg4 Rec8 29. Nc5 Bg6 30. Nd7 Be8 31. Nxb8 Rxb8 32. f3 Bf7 33. b5 axb5 34.
axb5 cxb5 35. Rxb5 Kf8 36. Rc7 b6 37. Rc6 Be8 38. Rcxb6 Rxb6 39. Rxb6 Ke7 40.
Kf2 Bd7 41. Kg3 Kf7 42. Kf2 Be6 43. Ke2 g5 44. Kd3 Bd7 45. Kc3 Kg6 46. Rd6 Bc8
47. Rxd5 h5 48. gxh5+ Kxh5 49. Rd8 Bb7 50. Rh8+ Kg6 51. e4 1-0

[Event "Østlandsserien 2001/2002, 3. div. D"]
[Site "Ås"]
[Date "2002.02.10"]
[Round "5.2"]
[White "Bekkelien, Glenn Lewi"]
[Black "Hermansen, Henning Wadd"]
[Result "1-0"]
[WhiteElo "1656"]
[BlackElo "1866"]
[PlyCount "125"]
[EventDate "2002.??.??"]
[WhiteTeam "Follo 2"]
[BlackTeam "Stjernen 2"]

1. Nf3 d5 2. g3 Nf6 3. Bg2 e6 4. O-O Be7 5. d3 O-O 6. Nbd2 b6 7. e4 dxe4 8.
dxe4 Bb7 9. Qe2 c5 10. Re1 Qc7 11. e5 Nfd7 12. Nf1 Nc6 13. Bf4 Rfe8 14. h4 Nf8
15. h5 Nd4 16. Nxd4 cxd4 17. Bxb7 Qxb7 18. Qg4 Qd5 19. h6 g6 20. Bg5 Qd8 21.
Bxe7 Rxe7 22. Qf4 Rd7 23. Rad1 f5 24. exf6 Kf7 25. Re4 Rc8 26. Rexd4 Rxd4 27.
Rxd4 Qxf6 28. Qd2 Rxc2 29. Qxc2 Qxd4 30. Qc7+ Qd7 31. Qf4+ Ke8 32. Ne3 Qd8 33.
Ng4 Qd1+ 34. Kh2 Nd7 35. Ne3 Qh5+ 36. Kg2 e5 37. Qa4 a5 38. Nc4 Kd8 39. Qb5 e4
40. Qxh5 gxh5 41. Kh3 Kc7 42. Kh4 Nf6 43. Nd2 Kd6 44. Kg5 Ke6 45. a4 Kf7 46.
Kf5 e3 47. fxe3 Ng4 48. Nc4 Nxh6+ 49. Kg5 Kg7 50. Nxb6 h4 51. gxh4 Nf7+ 52. Kf4
Nd6 53. b3 Kf6 54. Nc4 Nb7 55. e4 h5 56. e5+ Ke6 57. Kg5 Nc5 58. Nxa5 Kxe5 59.
Kxh5 Kf5 60. Kh6 Kf6 61. Nc6 Nxb3 62. a5 Nc5 63. Nb4 1-0

[Event "Østlandsserien 2001/2002, 3. div. D"]
[Site "Ås"]
[Date "2002.02.10"]
[Round "5.3"]
[White "Svanholm Børge"]
[Black "Simonsen Steinar"]
[Result "0-1"]
[WhiteElo "1690"]
[BlackElo "1535"]
[PlyCount "92"]
[EventDate "2002.??.??"]
[WhiteTeam "Stjernen 2"]
[BlackTeam "Follo 2"]

1. c4 e6 2. g3 Nf6 3. Bg2 d5 4. Nf3 Bd7 5. b3 Bd6 6. d4 O-O 7. c5 Be7 8. Qc2
Nc6 9. Nbd2 b6 10. a3 bxc5 11. dxc5 e5 12. Bb2 e4 13. Nd4 Nxd4 14. Bxd4 Qc8 15.
c6 Bh3 16. O-O Bxg2 17. Kxg2 Qg4 18. e3 h5 19. b4 h4 20. Bc5 Rfe8 21. Bxe7 h3+
22. Kh1 Rxe7 23. Qd1 Qe6 24. Rc1 Rd8 25. Nb3 a6 26. Nd4 Qe5 27. Rc5 Ree8 28.
Qe2 Qg5 29. Ra5 Ng4 30. Rxa6 Ra8 31. Re1 Rxa6 32. Qxa6 Nxf2+ 33. Kg1 Nd3 34.
Re2 Nc1 35. Re1 Nd3 36. Re2 Re7 37. b5 Ne5 38. Qa7 Nf3+ 39. Nxf3 exf3 40. Re1
Qe5 41. Kf2 Qb2+ 42. Kxf3 Qg2+ 43. Kg4 Re4+ 44. Kg5 Qf2 45. Qb8+ Kh7 46. g4
Re5# 0-1

[Event "Østlandsserien 2001/2002, 3. div. D"]
[Site "Ås"]
[Date "2002.02.10"]
[Round "5.4"]
[White "Hovland, Arne"]
[Black "Kverndal, Leif"]
[Result "0-1"]
[WhiteElo "1512"]
[BlackElo "1720"]
[PlyCount "64"]
[EventDate "2002.??.??"]
[WhiteTeam "Follo 2"]
[BlackTeam "Stjernen 2"]

1. d4 Nf6 2. Nf3 d5 3. c4 c6 4. e3 g6 5. Nc3 Bg7 6. Bd3 O-O 7. O-O Na6 8. Re1
Nb4 9. Bf1 Bf5 10. Nh4 Bg4 11. Qd2 a5 12. a3 Na6 13. cxd5 cxd5 14. Bd3 e5 $5
15. dxe5 Nh5 16. Bxa6 Rxa6 17. g3 Bxe5 18. Nxd5 g5 19. f4 $2 Rd6 20. e4 gxf4
21. Qg2 Kh8 22. h3 $2 Bd4+ 23. Ne3 Bd7 24. Qf3 Nxg3 25. Qxf4 Rg8 26. Kh2 Rf6
27. Nef5 Nh5 28. Qd2 Qc7+ 29. Kh1 Ng3+ 30. Nxg3 Qxg3 31. Nf5 Qxh3+ 32. Qh2 Qf3+
0-1

[Event "Østlandsserien 2001/2002. 3. div. D"]
[Site "?"]
[Date "2002.03.09"]
[Round "6"]
[White "Moberg, Jan Rune"]
[Black "Dalsrud, Endre"]
[Result "0-1"]
[WhiteElo "1573"]
[BlackElo "1733"]
[PlyCount "68"]
[EventDate "2002.??.??"]

1. Nf3 c5 2. g3 Nc6 3. Bg2 Nf6 4. O-O d5 5. d3 e5 6. Nbd2 Be7 7. c4 O-O 8. a3
Bg4 9. cxd5 Nxd5 10. h3 Be6 11. Nc4 f6 12. Re1 Qd7 13. Kh2 Rfd8 14. Ncd2 Rac8
15. Ne4 Nd4 16. Nfd2 b5 17. Nc3 c4 18. e3 Nxc3 19. bxc3 Nb3 20. Nxb3 cxb3 21.
Bb2 Qxd3 22. Qxd3 Rxd3 23. Rad1 Rcd8 24. Rxd3 Rxd3 25. Bf1 Rd2 26. Re2 Rxb2 27.
Rxb2 Bxa3 28. Rb1 Bc4 29. Kg2 a5 30. Kf3 a4 31. Ke4 Be7 32. Bxc4+ bxc4 33. Kd5
a3 34. Kxc4 a2 0-1

[Event "Østlandsserien 2001/2002. 3. div. D"]
[Site "?"]
[Date "2002.03.09"]
[Round "6"]
[White "Svanholm, Børge"]
[Black "Thowsen, Alf Geir"]
[Result "1-0"]
[WhiteElo "1690"]
[BlackElo "1295"]
[PlyCount "73"]
[EventDate "2002.??.??"]

1. c4 Nf6 2. Nc3 c6 3. e4 d6 4. d4 Nbd7 5. Nf3 e5 6. g3 exd4 7. Nxd4 Ne5 8. f4
Bg4 9. Be2 Bxe2 10. Qxe2 Ng6 11. Be3 Be7 12. Rd1 Qc7 13. O-O O-O 14. h3 Rad8
15. Nf5 b6 16. Qf3 Rd7 17. Rd2 Rfd8 18. Rfd1 Bf8 19. g4 Ne7 20. Ng3 g6 21. f5
Bg7 22. g5 Nxf5 23. exf5 Ne8 24. f6 Bf8 25. Bf4 a6 26. Nge4 Qb8 27. Qg3 a5 28.
Kh2 Qc7 29. c5 Qa7 30. cxd6 b5 31. Be3 Qb8 32. Bf4 b4 33. Na4 Qb5 34. Nac5 Nxd6
35. Bxd6 Bxd6 36. Rxd6 Qe2+ 37. Qg2 1-0

[Event "Østlandsserien 2001/2002. 3. div. D"]
[Site "?"]
[Date "2002.03.09"]
[Round "6"]
[White "Furnes, Torstein"]
[Black "Kverndal, Leif"]
[Result "0-1"]
[WhiteElo "1518"]
[BlackElo "1720"]
[PlyCount "46"]
[EventDate "2002.??.??"]

1. d4 Nf6 2. c4 e5 3. d5 Bc5 4. e3 d6 5. Nf3 O-O 6. Be2 c6 7. Nc3 e4 8. Nd4
cxd5 9. Nxd5 Nxd5 10. cxd5 Qg5 11. g3 Qxd5 12. O-O Bh3 13. Re1 Nd7 14. b3 Ne5
15. Nb5 Qc6 16. Bb2 Nd3 17. Bxd3 exd3 18. e4 Qxb5 19. Qf3 h5 20. Qf4 f6 21.
Rad1 Bb4 22. Re3 g5 23. Qf3 Bg4 0-1

[Event "Østlandsserien 2001/2002. 3. div. D"]
[Site "?"]
[Date "2002.03.10"]
[Round "7"]
[White "Moberg, Jan Rune"]
[Black "Dyrnes, Jussi"]
[Result "0-1"]
[WhiteElo "1573"]
[BlackElo "1448"]
[PlyCount "74"]
[EventDate "2002.??.??"]

1. Nf3 Nf6 2. d4 e6 3. c4 c5 4. e3 Be7 5. Nc3 d5 6. Be2 O-O 7. O-O cxd4 8. exd4
Nbd7 9. Bf4 a6 10. a4 dxc4 11. Bxc4 Nb6 12. Bb3 Bd7 13. Qd3 Nbd5 14. Nxd5 exd5
15. Ne5 Be6 16. Bc2 Rc8 17. Rfe1 Qb6 18. Ra2 Rfe8 19. g4 g6 20. h3 Bf8 21. Bd2
Bg7 22. b4 Ne4 23. a5 Qd6 24. Ba4 Re7 25. f4 Rec7 26. b5 axb5 27. Bxb5 Qe7 28.
a6 bxa6 29. Bxa6 Ra8 30. Ba5 Qh4 31. Bxc7 Qxe1+ 32. Kg2 Bc8 33. Re2 Qc1 34.
Bxc8 Ra3 35. Rc2 Qb1 36. Rc3 Ra2+ 37. Rc2 Rxc2+ 0-1